000 00569nam a2200229Ia 4500
003 OSt
005 20220918191208.0
006 a|||||r|||| 00| 0
007 ta
008 220917b |||||||| |||| 00| 0 eng d
024 _a61,941
037 _cTextual
040 _aARTS
_cARTS
_beng
041 _2eng
_aeng
082 _aQ41:22514, H8 (Q4)
100 _aWindisch Ernst ed
_975240
245 0 _aIti-vuttaka
260 _c1948
650 _aRELIGION
942 _hQ41:22514, H8 (Q4)
_cTEXL
_2CC
999 _c188698
_d188698